[Event "Hamburg St Pauli op-A"]
[Site "Hamburg"]
[Date "2015.07.22"]
[Round "6"]
[White "Sturm, Timo"]
[Black "Zagema, Jan Sybren"]
[Result "1/2-1/2"]
[WhiteElo "2038"]
[BlackElo "1880"]
[PlyCount "116"]
[EventDate "2015.07.18"]
[EventType "swiss"]
[EventRounds "9"]
[EventCountry "GER"]
[SourceTitle "EXT 2016"]
[Source "ChessBase"]
[SourceDate "2015.10.08"]
[SourceVersion "1"]
[SourceVersionDate "2015.10.08"]
[SourceQuality "1"]

1. d4 Nf6 2. Nf3 g6 3. Nbd2 Bg7 4. e4 d6 5. Bc4 0-0 6. Qe2 e6 7. Bb3 Nbd7 8. 0-0 Re8 9. Re1 e5 10. Qc4 d5 11. exd5 Nb6 12. Qc5 Bf8 13. Qa5 exd4 14. Rxe8 Qxe8 15. Nf1 Bd6 16. Nxd4 Nfxd5 17. Bxd5 Qe5 18. Bxf7+ Kxf7 19. Qxe5 Bxe5 20. Nf3 Bf6 21. c3 Bg4 22. Ng5+ Kg7 23. Ne4 Be7 24. Be3 Rd8 25. Bd4+ Kf7 26. Ne3 Be6 27. Bc5 Nc4 28. Bxe7 Kxe7 29. Nxc4 Bxc4 30. h3 b6 31. b3 Be2 32. Re1 Rd1 33. Rxd1 Bxd1 34. Kf1 Bc2 35. Ng5 h6 36. Nf3 Kd6 37. Ke2 a5 38. Nd2 a4 39. b4 b5 40. c4 c5 41. bxc5+ Kxc5 42. cxb5 Kxb5 43. a3 Kc5 44. Ke3 Kd5 45. f4 g5 46. fxg5 hxg5 47. Nf3 Kc4 48. Nxg5 Kb3 49. Ne6 Kxa3 50. Nc5 Kb4 51. Nxa4 Bxa4 52. Kd4 Bd7 53. h4 Bg4 54. Ke4 Kc5 55. Kf4 Bd1 56. g4 Kd6 57. h5 Ke7 58. h6 Kf6 1/2-1/2

[Event "Niedersachsen-ch"]
[Site "Verden"]
[Date "2014.01.04"]
[Round "5"]
[White "Grigorian, Spartak"]
[Black "Sturm, Timo"]
[Result "1/2-1/2"]
[WhiteElo "2163"]
[BlackElo "2025"]
[PlyCount "48"]
[EventDate "2014.01.02"]
[EventType "swiss"]
[EventRounds "7"]
[EventCountry "GER"]
[SourceTitle "EXT 2016"]
[Source "ChessBase"]
[SourceDate "2015.10.08"]
[SourceVersion "1"]
[SourceVersionDate "2015.10.08"]
[SourceQuality "1"]

1. d4 d5 2. Nf3 Nf6 3. c4 e6 4. Nc3 dxc4 5. e3 a6 6. a4 b6 7. Bxc4 Bb7 8. 0-0 Bb4 9. Ne5 Nbd7 10. Qb3 Qe7 11. f3 Nxe5 12. dxe5 Nd7 13. f4 Bxc3 14. Qxc3 Qc5 15. Re1 Qc6 16. Bf1 Qxc3 17. bxc3 Nc5 18. Ba3 Nxa4 19. Bb4 Bc6 20. Ra2 a5 21. Ba3 Kd7 22. Rd2+ Kc8 23. Red1 Kb7 24. g3 Rhc8 1/2-1/2

[Event "Niedersachsen-ch"]
[Site "Verden"]
[Date "2014.01.03"]
[Round "3"]
[White "Tonndorf, Matthias"]
[Black "Sturm, Timo"]
[Result "1/2-1/2"]
[WhiteElo "2219"]
[BlackElo "2025"]
[PlyCount "104"]
[EventDate "2014.01.02"]
[EventType "swiss"]
[EventRounds "7"]
[EventCountry "GER"]
[SourceTitle "EXT 2016"]
[Source "ChessBase"]
[SourceDate "2015.10.08"]
[SourceVersion "1"]
[SourceVersionDate "2015.10.08"]
[SourceQuality "1"]

1. e4 c6 2. Nc3 d5 3. Nf3 g6 4. d4 Bg7 5. exd5 cxd5 6. Ne5 a6 7. Qf3 Be6 8. Bd3 Nc6 9. Nxc6 bxc6 10. Ne2 Qd7 11. c3 Nf6 12. h3 Bf5 13. Bxf5 Qxf5 14. Qxf5 gxf5 15. Bf4 Nd7 16. 0-0-0 h5 17. h4 Bh6 18. Rh3 Bxf4+ 19. Nxf4 e6 20. Rg3 Nf6 21. f3 Ke7 22. Rh1 Rab8 23. Rhh3 Ra8 24. Rg5 Rab8 25. Rhg3 Ra8 26. Rg7 Kf8 27. R7g5 Ke7 28. Nd3 Nd7 29. Rg7 Kf8 30. R3g5 a5 31. a4 Rc8 32. Kc2 Nf6 33. b4 Ne8 34. R7g6 fxg6 35. Ne5 Rh6 36. Nxg6+ Rxg6 37. Rxg6 Kf7 38. Rg5 Nf6 39. Kb3 Rb8 40. Ka3 Ra8 41. Kb3 axb4 42. cxb4 Rh8 43. b5 cxb5 44. axb5 Ne8 45. Kb4 Nd6 46. Kc5 Nc4 47. Kc6 Rc8+ 48. Kd7 Nb6+ 49. Kd6 Nc4+ 50. Kd7 Nb6+ 51. Kd6 Nc4+ 52. Kd7 Nb6+ 1/2-1/2

[Event "Niedersachsen-ch"]
[Site "Verden"]
[Date "2014.01.02"]
[Round "1"]
[White "Renner, Kai"]
[Black "Sturm, Timo"]
[Result "1/2-1/2"]
[WhiteElo "2218"]
[BlackElo "2025"]
[PlyCount "60"]
[EventDate "2014.01.02"]
[EventType "swiss"]
[EventRounds "7"]
[EventCountry "GER"]
[SourceTitle "EXT 2016"]
[Source "ChessBase"]
[SourceDate "2015.10.08"]
[SourceVersion "1"]
[SourceVersionDate "2015.10.08"]
[SourceQuality "1"]

1. e4 c6 2. d4 d5 3. Nd2 dxe4 4. Nxe4 Nd7 5. Ng5 Ngf6 6. Bc4 e6 7. Qe2 Nb6 8. Bb3 h6 9. N5f3 Bd6 10. Ne5 0-0 11. Ngf3 Qc7 12. Be3 Nbd5 13. c3 Nxe3 14. fxe3 Nd7 15. Nc4 Be7 16. e4 b5 17. Nce5 Nxe5 18. Nxe5 c5 19. Qxb5 cxd4 20. cxd4 Rb8 21. Qe2 Bd6 22. Nf3 Qa5+ 23. Kf2 Ba6 24. Qe3 e5 25. Rac1 exd4 26. Qxd4 Bc7 27. Qc3 Bb6+ 28. Kg3 Qh5 29. h3 Qg6+ 30. Kh2 Qxe4 1/2-1/2

[Event "Niedersachsen-ch"]
[Site "Verden"]
[Date "2013.01.04"]
[Round "3"]
[White "Sturm, Timo"]
[Black "Woestmann, Hans Joachim"]
[Result "0-1"]
[WhiteElo "2050"]
[BlackElo "2099"]
[PlyCount "90"]
[EventDate "2013.01.03"]
[EventType "swiss"]
[EventRounds "7"]
[EventCountry "GER"]
[SourceTitle "EXT 2014"]
[Source "ChessBase"]
[SourceDate "2013.11.20"]
[SourceVersion "1"]
[SourceVersionDate "2013.11.20"]
[SourceQuality "1"]

1. d4 d5 2. Nf3 Nf6 3. c4 c6 4. Nc3 e6 5. e3 Nbd7 6. Bd3 dxc4 7. Bxc4 b5 8. Bd3 b4 9. Ne4 Bb7 10. 0-0 Be7 11. a3 a5 12. Qc2 0-0 13. Rd1 Qb6 14. Ned2 c5 15. Nc4 Qc7 16. Nce5 Rfc8 17. Nxd7 Qxd7 18. dxc5 Qc6 19. axb4 axb4 20. Rxa8 Bxa8 21. Bd2 Bxc5 22. Rc1 Bb7 23. Qc4 e5 24. Bf1 Bd6 25. Qb3 Qe4 26. Rxc8+ Bxc8 27. Ng5 Qd5 28. Qc2 Bb7 29. f3 Qc5 30. Qb3 Bd5 31. Qa4 h6 32. Nh3 e4 33. Be2 exf3 34. gxf3 Be6 35. Nf2 Qe5 36. Bxb4 Qxh2+ 37. Kf1 Bg3 38. Qa8+ Kh7 39. Bd3+ g6 40. Be1 Bd5 41. Qf8 Bd6 42. Qd8 Bxf3 43. Bc3 Qg2+ 44. Ke1 Qg1+ 45. Bf1 Bg3 0-1

[Event "Hamburg St Pauli op"]
[Site "Hamburg"]
[Date "2012.07.14"]
[Round "8"]
[White "Carlstedt, Jonathan"]
[Black "Sturm, Timo"]
[Result "1-0"]
[WhiteElo "2352"]
[BlackElo "2002"]
[PlyCount "73"]
[EventDate "2012.07.07"]
[EventType "swiss"]
[EventRounds "9"]
[EventCountry "GER"]
[SourceTitle "EXT 2013"]
[Source "ChessBase"]
[SourceDate "2012.11.22"]
[SourceVersion "1"]
[SourceVersionDate "2012.11.22"]
[SourceQuality "1"]

1. c4 Nf6 2. e3 e6 3. Nc3 Bb4 4. Nge2 0-0 5. a3 Bxc3 6. Nxc3 d5 7. d4 b6 8. g4 Bb7 9. Bg2 Ne4 10. h4 f5 11. gxf5 Nxc3 12. bxc3 Rxf5 13. cxd5 Qf6 14. Qc2 exd5 15. c4 Na6 16. cxd5 Rf8 17. Ra2 Rh5 18. Qc4 Kh8 19. e4 Rxh4 20. Rxh4 Qxh4 21. Be3 Qh2 22. Qf1 Qd6 23. f4 Qd7 24. Qc4 Qg4 25. Qe2 Qd7 26. Kf2 Nb8 27. Ra1 Ba6 28. Qc2 Qg4 29. Rh1 c6 30. dxc6 Nxc6 31. Bf3 Nxd4 32. Bxd4 Rxf4 33. Qc3 Bb7 34. Rg1 Qh4+ 35. Ke2 Qh2+ 36. Rg2 Ba6+ 37. Kd2 1-0

[Event "Niedersachsen-ch op-B"]
[Site "Verden"]
[Date "2012.01.04"]
[Round "5"]
[White "Sturm, Timo"]
[Black "Balazs, Balint"]
[Result "1-0"]
[WhiteElo "1942"]
[BlackElo "1670"]
[PlyCount "45"]
[EventDate "2012.01.02"]
[EventType "swiss"]
[EventRounds "7"]
[EventCountry "GER"]
[SourceTitle "EXT 2021"]
[Source "ChessBase"]
[SourceDate "2020.10.23"]
[SourceVersion "1"]
[SourceVersionDate "2020.10.23"]
[SourceQuality "1"]

1. d4 e6 2. Nf3 Nf6 3. c4 b6 4. a3 Bb7 5. Nc3 c5 6. d5 d6 7. e4 e5 8. Be2 Na6 9. 0-0 Be7 10. Ne1 Nc7 11. f3 0-0 12. Be3 Qe8 13. Rb1 Nd7 14. b3 f5 15. exf5 Rxf5 16. Bd3 Rf8 17. Qc2 Qh5 18. Ne4 Nf6 19. g4 Qh3 20. Ng5 Qh4 21. Ng2 Nxg4 22. Nxh4 Nxe3 23. Bxh7+ 1-0

[Event "Nettetal op"]
[Site "Nettetal"]
[Date "2010.07.09"]
[Round "7"]
[White "Sturm, Timo"]
[Black "Riegler, Dieter"]
[Result "1/2-1/2"]
[WhiteElo "1869"]
[BlackElo "2127"]
[PlyCount "38"]
[EventDate "2010.07.03"]
[EventType "swiss"]
[EventRounds "9"]
[EventCountry "GER"]
[SourceTitle "CBM 137 Extra"]
[Source "ChessBase"]
[SourceDate "2010.09.01"]
[SourceVersion "1"]
[SourceVersionDate "2010.09.01"]
[SourceQuality "1"]

1. e4 c5 2. Nf3 d6 3. d4 cxd4 4. Nxd4 Nf6 5. Nc3 Nc6 6. Bc4 Qb6 7. Nb3 e6 8. 0-0 Be7 9. Be3 Qc7 10. f4 a6 11. Bd3 b5 12. Qf3 Bb7 13. Qh3 h5 14. Kh1 Ng4 15. a3 Nxe3 16. Qxe3 h4 17. h3 Rg8 18. Qf2 Bf6 19. Rad1 0-0-0 1/2-1/2

[Event "Nettetal op"]
[Site "Nettetal"]
[Date "2010.07.06"]
[Round "4"]
[White "Romanishin, Oleg M"]
[Black "Sturm, Timo"]
[Result "1-0"]
[WhiteElo "2513"]
[BlackElo "1869"]
[PlyCount "73"]
[EventDate "2010.07.03"]
[EventType "swiss"]
[EventRounds "9"]
[EventCountry "GER"]
[SourceTitle "CBM 137 Extra"]
[Source "ChessBase"]
[SourceDate "2010.09.01"]
[SourceVersion "1"]
[SourceVersionDate "2010.09.01"]
[SourceQuality "1"]

1. d4 Nf6 2. Nf3 b6 3. c4 e6 4. g3 Bb7 5. Bg2 d5 6. Ne5 Be7 7. Qa4+ c6 8. Nc3 0-0 9. 0-0 a6 10. Qb3 b5 11. c5 a5 12. a3 Nfd7 13. Nxd7 Nxd7 14. e4 f5 15. exd5 exd5 16. Re1 Nf6 17. Bf4 Qd7 18. Qc2 Nh5 19. Be5 f4 20. Qe2 Qf5 21. Qf3 Bc8 22. h3 fxg3 23. Qxf5 Bxf5 24. fxg3 Nf6 25. g4 Bd7 26. g5 Nh5 27. Nxd5 Bxg5 28. Nb6 Rad8 29. Nxd7 Rxd7 30. Bxc6 Re7 31. Bd5+ Kh8 32. Bd6 Be3+ 33. Rxe3 Rxe3 34. Bxf8 Nf4 35. Bb7 Nxh3+ 36. Kf1 Rg3 37. Bg2 1-0

[Event "Nettetal op"]
[Site "Nettetal"]
[Date "2010.07.04"]
[Round "2"]
[White "Guennigmann, Manuel"]
[Black "Sturm, Timo"]
[Result "0-1"]
[WhiteElo "2181"]
[BlackElo "1869"]
[PlyCount "74"]
[EventDate "2010.07.03"]
[EventType "swiss"]
[EventRounds "9"]
[EventCountry "GER"]
[SourceTitle "CBM 137 Extra"]
[Source "ChessBase"]
[SourceDate "2010.09.01"]
[SourceVersion "1"]
[SourceVersionDate "2010.09.01"]
[SourceQuality "1"]

1. Nf3 Nf6 2. g3 b6 3. Bg2 Bb7 4. 0-0 e6 5. c4 d5 6. b3 Bd6 7. Bb2 0-0 8. Na3 c6 9. Nc2 Nbd7 10. d4 Ne4 11. Nfe1 f5 12. Nd3 Qe7 13. Qe1 f4 14. gxf4 Bxf4 15. Nxf4 Rxf4 16. f3 Nd6 17. e3 Rf6 18. e4 Rg6 19. Kh1 dxc4 20. Ne3 cxb3 21. axb3 c5 22. Rg1 cxd4 23. Bxd4 e5 24. Bb2 Nc5 25. Nd5 Bxd5 26. exd5 Nxb3 27. Ra3 Na5 28. Bh3 Rxg1+ 29. Qxg1 Nac4 30. Be6+ Kh8 31. Ra2 Qf6 32. Qg3 Rf8 33. Kg2 Ne4 34. Qh3 Qg5+ 35. Bg4 Qd2+ 36. Kg1 Ne3 37. fxe4 Qe1+ 0-1

[Event "Niedersachsen-ch open"]
[Site "Verden"]
[Date "2010.01.05"]
[Round "5.50"]
[White "Sturm, Timo"]
[Black "Kollars, Dmitrij"]
[Result "1-0"]
[WhiteElo "1865"]
[BlackElo "1450"]
[PlyCount "69"]
[EventDate "2010.01.03"]
[EventType "swiss"]
[EventRounds "7"]
[EventCountry "GER"]
[SourceTitle "EXT 2012"]
[Source "ChessBase"]
[SourceDate "2011.11.24"]
[SourceVersion "1"]
[SourceVersionDate "2011.11.24"]
[SourceQuality "1"]

1. e4 c5 2. Nf3 d6 3. c3 Nf6 4. Bd3 Nc6 5. h3 e6 6. Bc2 d5 7. e5 Nd7 8. d4 Qb6 9. 0-0 Be7 10. Re1 Nf8 11. b3 cxd4 12. cxd4 Bd7 13. Bb2 0-0-0 14. a4 h6 15. Bc3 Bb4 16. Qd2 Qa5 17. Rc1 Kb8 18. Bd3 Bxc3 19. Rxc3 Qb4 20. Bf1 Qe7 21. Na3 a6 22. Nc2 Ka7 23. Rb1 Nb4 24. Rc5 Nxc2 25. Qxc2 Qe8 26. Rc1 Bc6 27. Bxa6 Kxa6 28. Qc3 Ka7 29. Qa5+ Kb8 30. Rxc6 bxc6 31. Qb6+ Kc8 32. Rxc6+ Qxc6 33. Qxc6+ Kb8 34. Qb6+ Ka8 35. Qxd8+ 1-0

[Event "Niedersachsen-ch open"]
[Site "Verden"]
[Date "2010.01.04"]
[Round "3.11"]
[White "Sturm, Timo"]
[Black "Kiesel, Harald"]
[Result "0-1"]
[WhiteElo "1865"]
[BlackElo "2165"]
[PlyCount "100"]
[EventDate "2010.01.03"]
[EventType "swiss"]
[EventRounds "7"]
[EventCountry "GER"]
[SourceTitle "EXT 2012"]
[Source "ChessBase"]
[SourceDate "2011.11.24"]
[SourceVersion "1"]
[SourceVersionDate "2011.11.24"]
[SourceQuality "1"]

1. e4 e6 2. b3 d5 3. Bb2 dxe4 4. Nc3 Nf6 5. Qe2 Be7 6. 0-0-0 b6 7. Nxe4 a5 8. g4 a4 9. Bg2 Ra5 10. Bc3 axb3 11. axb3 Ba6 12. Qf3 Nd5 13. Bxa5 Ba3+ 14. Kb1 bxa5 15. Nc3 Bb7 16. Nxd5 Bxd5 17. Qg3 Bxg2 18. Qxg2 Qd4 19. c3 Qd3+ 20. Ka2 Qc2+ 21. Kxa3 Qxd1 22. Nf3 Qc2 23. Qf1 Qe4 24. Nd4 0-0 25. f3 Qf4 26. Qe2 c5 27. Nc2 Nc6 28. Ne3 Ne5 29. Nc4 Qxf3 30. Qxf3 Nxf3 31. Kb2 Rd8 32. Kc2 g5 33. h3 f5 34. Rf1 fxg4 35. hxg4 Nh2 36. Rg1 Kg7 37. Nxa5 Nf3 38. Rd1 h5 39. gxh5 g4 40. Nc4 g3 41. Ne3 Kh6 42. d3 Kxh5 43. Rf1 Nh4 44. Rg1 Rg8 45. Kd1 Nf5 46. Rh1+ Kg5 47. Ng2 Ra8 48. Re1 Ra1+ 49. Ke2 Ra2+ 50. Kf3 Rf2+ 0-1

[Event "Niedersachsen-ch U16"]
[Site "Rotenburg/Wuemme"]
[Date "2007.04.05"]
[Round "8"]
[White "Sturm, Timo"]
[Black "Bohn, Dennis"]
[Result "1-0"]
[WhiteElo "1305"]
[BlackElo "1352"]
[PlyCount "71"]
[EventDate "2007.03.31"]
[EventType "swiss"]
[EventRounds "9"]
[EventCountry "GER"]
[SourceTitle "EXT 2008"]
[Source "ChessBase"]
[SourceDate "2007.11.25"]
[SourceVersion "1"]
[SourceVersionDate "2007.11.25"]
[SourceQuality "1"]

1. e4 e6 2. d4 d5 3. e5 c5 4. c3 Nc6 5. Nf3 Qb6 6. a3 c4 7. g3 Bd7 8. Nbd2 Nge7 9. Bxc4 Ng6 10. Bf1 Be7 11. h4 Rg8 12. Bh3 Rc8 13. 0-0 Na5 14. b4 Nc4 15. Nxc4 Rxc4 16. Bb2 a5 17. Nd2 Rc8 18. f4 a4 19. Qf3 Rf8 20. Rf2 Rc6 21. Qh5 Kd8 22. Qf3 Be8 23. Qg4 Kc7 24. h5 Nh8 25. Qxg7 Kb8 26. Qxh7 Qd8 27. Qd3 Rg8 28. Kh2 Bd7 29. Rh1 Rc8 30. Bf1 Ka7 31. Rg2 Qf8 32. Kg1 Be8 33. Qc2 Bd8 34. b5 Kb8 35. Qxa4 Be7 36. Qa5 1-0